| 000 | 00424nam a2200193Ia 4500 | ||
|---|---|---|---|
| 005 | 20240823040742.0 | ||
| 008 | 240823s9999||||xx |||||||||||||| ||und|| | ||
| 020 | _a81-219-4123-7 | ||
| 041 | _aENGLISH | ||
| 082 | _A910.003 | ||
| 100 | _aBlackie | ||
| 245 | 0 | _aDictionary of Geography | |
| 250 | _a1st | ||
| 260 | _bS Chand & Co | ||
| 500 | _aYES | ||
| 650 |
_aGeographic _bCivil |
||
| 942 | _cBK | ||
| 999 |
_c203863 _d203863 |
||